|
|
|
|
| LEADER |
00000nam0a2200000 4500 |
| 001 |
88276 |
| 005 |
20231031102551.0 |
| 010 |
|
|
|a 5704611680
|
| 035 |
|
|
|a (RuTPU)RU\TPU\book\94756
|
| 090 |
|
|
|a 88276
|
| 100 |
|
|
|a 20051222d2005 m y0rusy50 ca
|
| 101 |
0 |
|
|a rus
|
| 102 |
|
|
|a RU
|
| 105 |
|
|
|a a j 011zy
|
| 200 |
1 |
|
|a Сборник экзаменационных задач по динамике
|e пособие для студентов университетов, изучающих теоретическую механику
|f М. Н. Кирсанов
|
| 210 |
|
|
|a Москва
|c Изд-во МЭИ
|d 2005
|
| 215 |
|
|
|a 96 с.
|c ил.
|
| 300 |
|
|
|a К 75-летию МЭИ
|
| 320 |
|
|
|a Библиогр.: с. 94.
|
| 320 |
|
|
|a Предметно-именной указатель: с. 95.
|
| 330 |
|
|
|a Изложены условия и примеры решения экзаменационных задач по пяти темам теоретической механики. Основное внимание уделено задачам на составление уравнений Лагранжа 2-го рода. Для каждой задачи дано от 30 до 120 вариантов условий. Приведены промежуточные результаты и ответы. Книга может быть использована как при очной, так и при дистанционной формах обучения. Для студентов и преподавателей технических вузов.
|
| 610 |
1 |
|
|a динамика
|
| 610 |
1 |
|
|a экзаменационные задачи
|
| 610 |
1 |
|
|a системы с одной степенью свободы
|
| 610 |
1 |
|
|a системы с двумя степенями свободы
|
| 610 |
1 |
|
|a колебания
|
| 610 |
1 |
|
|a предельные частоты
|
| 610 |
1 |
|
|a учебные пособия
|
| 610 |
1 |
|
|a теоретическая механика
|
| 610 |
1 |
|
|a примеры
|
| 610 |
1 |
|
|a решения
|
| 675 |
|
|
|a 531.3(076)
|v 3
|
| 700 |
|
1 |
|a Кирсанов
|b М. Н.
|g Михаил Николаевич
|
| 801 |
|
1 |
|a RU
|b 63413507
|c 20051222
|g PSBO
|
| 801 |
|
2 |
|a RU
|b 63413507
|c 20060524
|g PSBO
|
| 942 |
|
|
|c BK
|
| 959 |
|
|
|a 117/20051222
|d 1
|e 203,5
|f НФ:1
|